00745nam a2200193 a 4500008004100000020001500041041000800056092001600064100002900080245005100109250002100160260005500181300001100236500010300247653002700350942001200377999001500389952014700404110916s2000 mx a f |||| 001 0 spa d a9687157941 aspa c612l8sBOW1 aBowers, Richard W.91618 aFisiología del deporte /cRichards W. Bowers a3a ed. 2a reimp. aMéxico:bEditorial Médica Panamericana;c2000. a428 p. aBowers, R. (2000). Fisiología del deporte. (3a ed.). México : Editorial Médica Panamericana. aFisiologia del deporte 2ddccBK c1003d1003 00102ddc4070aBFMbBFMcREFd2011-09-16l1m11o612 8 BOWp1081q2029-03-01r2014-11-06s2011-09-16tej.1w2011-09-16yBKzLIBRO DE CATEDRA